How Well Do You Know American Culture - Statistics

General Stats
  • This quiz has been taken 153 times
  • The average score is 9 of 20
Answer Stats
Hint Answer % Correct
What sporting event has become a de facto holiday in the U.S, with an average viewership of over 110 million households, and many Americans having parties to watch the big game? the Superbowl
93%
What had George Washington chopped down, and then admitted to chopping down. a cherry tree
71%
On what day of the week would you most likely find a special on tacos at bars or pubs? Tuesday
63%
What city is home to Starbucks? Seattle
60%
Which food item gets the same treatment as the above when served with waffles? (as in 'blank' n waffles). chicken
58%
From that sporting event, three main topics are traditionally newsworthy: the game itself, the halftime show, and what? commercials
57%
What city is often referred to as NOLA? New Orleans
50%
What would the words "rush," "Greek," or "haze" be connected to in regards to university campuses? fraternities or sororities
49%
On what day of the week would you most likely see a Monster Truck show? Sunday! Sunday! SUNDAY!
49%
On American television dramas, what do writers show the male lead making for his female love interest to show that he is a good guy? (hint: it is a meal.) breakfast
48%
Finish this sentence: "I've fallen, ..." "and I can't get up!"
46%
According to Trip Advisor, when would it be hardest to get a seat at most Denny's restaurants in the US? Answer with the day of the week and meal (e.g. Monday dinner.) Sunday breakfast
44%
What food is most closely associated with George Washington Carver? the peanut
44%
When is it socially acceptable for stores to start displaying Christmas decorations? The day after Thanksgiving (do not try to skip Thanksgiving.)
38%
A reporter from the E! network would most likely ask guests of a red carpet event who they are what? "wearing"
31%
Instead of saying that they are "planning to go fishing," people from Southern Atlantic and Gulf states might say they are "(blank) to go fishing." "fixin'"
30%
What sports team would you most likely hear spoken after the article "da," especially when the article is drawn out, like "Daaaaa..."? Bears
29%
What dance song often played at African American weddings would invite you to "cha cha real smooth?" Cha Cha Slide
23%
Aside from bacon, what food served in combination with eggs is so popular in America that the "and" in "(blank) and eggs" is often replaced with just an "N" on menus to make the combo into a single word? steak
15%
In Minnesota, what is the local terminology for a casserole? a hot dish
11%
No matching quizzes found
Score Distribution
Percent of People with Each Score
Percentile by Number Answered
Your Score History
You have not taken this quiz